000 00961nam a22002057a 4500
003 OSt
005 20260504012423.0
008 260504b |||||||| |||| 00| 0 eng d
020 _a9780857072184
040 _aDWCL GS lib
_cOC
082 _aFic. R961d 2011
100 _aRussell, Rachel Renee
245 _adouble dork diaries #3
_cRachel Renee Russell
260 _aGreat Britain
_bSimon & Schuster
_cc2009
300 _a563
_billustrations
_c20cm
520 _aDouble Dork Diaries #3 is a UK-exclusive bind-up edition featuring books 5 and 6 of the series: Tales from a Not-So-Smart Miss Know-It-All and Tales from a Not-So-Happy Heartbreaker. Nikki Maxwell deals with acting as the school's agony aunt while her life is a mess, and navigates relationship drama with her crush, Brandon, and rival, Mackenzie.
546 _aEnglish
700 _aRachel Renee Russell
942 _2ddc
_cFIC.
_hFic. R961d 2011
_n0
999 _c10187
_d10187